Topological fixed point theory and applications : proceedings of a conference held at the Nankai Institute of Mathematics tianjin, PR China, April 5-8, 1988
Αποθηκεύτηκε σε:
| Συγγραφή απο Οργανισμό/Αρχή: | |
|---|---|
| Άλλοι συγγραφείς: | |
| Μορφή: | Πρακτικό Συνεδρίου Βιβλίο |
| Γλώσσα: | English |
| Δημοσίευση: |
Berlin :
Springer-Verlag,
c1989.
|
| Σειρά: | Lecture notes in mathematics (Springer-Verlag)
; 1411 |
| Θέματα: | |
| Ετικέτες: |
Προσθήκη ετικέτας
Δεν υπάρχουν, Καταχωρήστε ετικέτα πρώτοι!
|
MARC
| LEADER | 00000cam a2200000 i 4500 | ||
|---|---|---|---|
| 001 | 1/29104 | ||
| 008 | 941103s1989 gw ||| | eng|| | ||
| 020 | |a 3540519327 | ||
| 035 | |a 1993 |l 10038238 | ||
| 040 | |a GR-MyUA |b gre |e AACR2 | ||
| 041 | 0 | |a eng | |
| 082 | 0 | |a 514.322 | |
| 245 | 0 | 0 | |a Topological fixed point theory and applications : |b proceedings of a conference held at the Nankai Institute of Mathematics tianjin, PR China, April 5-8, 1988 / |c Boju Jiang (ed.). |
| 260 | |a Berlin : |b Springer-Verlag, |c c1989. | ||
| 300 | |a vi, 203 σ. ; |c 25 εκ. | ||
| 490 | 1 | |a (Lecture notes in mathematics (Springer-Verlag) |v ; 1411) | |
| 500 | |a "Conference was sponsored by the Nankai Institute of Mathematics and supported by a grant from the Chinese Ministry of Education" | ||
| 504 | |a Περιέχει βιβλιογραφικές αναφορές. | ||
| 650 | 0 | 0 | |a Fixed point theory |x Congresses. |
| 700 | 1 | |a Jiang, Boju, |e edt | |
| 711 | 2 | |a Conference on Topological Fixed Point Theory and Applications |d (1988 : |c Nankai Institute of Mathematics) | |
| 830 | 0 | |a Lecture notes in mathematics (Springer-Verlag) |v ; 1411 | |
| 852 | |a INST |b SAMOS |e 19941103 |h 514.322 TOP |p 005300008221 |q 005300008221 |t BK |y 0 | ||
| 909 | |a Σ |b 029263 | ||